[Event "POL-chT U20 2nd League"]
[Site "Sypniewo"]
[Date "2020.??.??"]
[Round "2.9"]
[White "Bochenek, Ryszard"]
[Black "Zaborski, Igor"]
[Result "1-0"]
[WhiteElo "1445"]
[BlackElo "1612"]
[PlyCount "57"]
[EventDate "2020.10.23"]
[EventType "team-swiss"]
[EventRounds "9"]
[EventCountry "POL"]
[SourceTitle "CBM 199 Extra"]
[Source "ChessBase"]
[SourceDate "2021.01.31"]
[SourceVersion "1"]
[SourceVersionDate "2021.01.31"]
[SourceQuality "1"]

1. e4 d6 2. d4 Nf6 3. Nc3 g6 4. Bg5 Bg7 5. Qd2 c6 6. Bd3 h6 7. Be3 Nbd7 8. f3 Qb6 9. 0-0-0 c5 10. Nge2 a6 11. g4 Qc7 12. Ng3 b5 13. h4 b4 14. Nb1 c4 15. Be2 Rb8 16. c3 a5 17. h5 bxc3 18. Nxc3 e5 19. d5 Nc5 20. hxg6 fxg6 21. Bxh6 Bxh6 22. Rxh6 Rxh6 23. Qxh6 Qb6 24. Qxg6+ Ke7 25. Rd2 Nd3+ 26. Bxd3 cxd3 27. Qg7+ Ke8 28. Qxf6 Qg1+ 29. Nd1 1-0

[Event "POL-chT U20 2nd League"]
[Site "Sypniewo"]
[Date "2020.??.??"]
[Round "6.21"]
[White "Komendecki, Antoni"]
[Black "Zaborski, Igor"]
[Result "1-0"]
[WhiteElo "1801"]
[BlackElo "1612"]
[PlyCount "51"]
[EventDate "2020.10.23"]
[EventType "team-swiss"]
[EventRounds "9"]
[EventCountry "POL"]
[SourceTitle "CBM 199 Extra"]
[Source "ChessBase"]
[SourceDate "2021.01.31"]
[SourceVersion "1"]
[SourceVersionDate "2021.01.31"]
[SourceQuality "1"]

1. e4 d6 2. d4 Nf6 3. Nc3 g6 4. Nf3 Bg7 5. Be3 0-0 6. Qd2 Nc6 7. 0-0-0 a6 8. d5 Nb8 9. Bh6 e6 10. Bd3 Bxh6 11. Qxh6 Ng4 12. Qd2 Nd7 13. h3 Nge5 14. Nxe5 Nxe5 15. f4 Nd7 16. g4 Nc5 17. dxe6 fxe6 18. f5 Nxd3+ 19. Qxd3 exf5 20. gxf5 Qf6 21. Nd5 Qg5+ 22. Kb1 Rf7 23. Rhg1 Qh6 24. Qc4 c6 25. fxg6 hxg6 26. Rxg6+ 1-0

[Event "Rubinstein Memorial-D 54th"]
[Site "Polanica Zdroj"]
[Date "2018.08.24"]
[Round "7"]
[White "Zaborski, Igor"]
[Black "Stefaniuk, Zbigniew"]
[Result "1-0"]
[WhiteElo "1320"]
[BlackElo "1173"]
[PlyCount "73"]
[EventDate "2018.08.18"]
[EventType "swiss"]
[EventRounds "9"]
[EventCountry "POL"]
[SourceTitle "EXT 2020"]
[Source "ChessBase"]
[SourceDate "2019.10.17"]
[SourceVersion "1"]
[SourceVersionDate "2019.10.17"]
[SourceQuality "1"]

1. d4 Nf6 2. c4 e6 3. Nc3 Bb4 4. f3 d5 5. Bg5 h6 6. Bh4 0-0 7. a3 Bxc3+ 8. bxc3 c6 9. Nh3 Qa5 10. Qd2 Nbd7 11. Nf2 Re8 12. g4 g5 13. Bg3 Nh7 14. h4 f6 15. hxg5 hxg5 16. e4 Kg7 17. Bd3 Rh8 18. Ke2 Qd8 19. e5 fxe5 20. dxe5 Ndf8 21. Rh5 Bd7 22. Rah1 Be8 23. R5h2 dxc4 24. Bxc4 Qxd2+ 25. Kxd2 Bg6 26. Bd3 Rd8 27. Ke2 Bxd3+ 28. Nxd3 b6 29. Bf2 Ng6 30. c4 c5 31. Be3 Rdf8 32. a4 a5 33. Rh5 Nf4+ 34. Bxf4 gxf4 35. Nf2 Rf7 36. Ne4 Re7 37. Nf6 1-0